Cognitive patterns: problem-solving frameworks for object technology / (Record no. 290607)
[ view plain ]
| 000 -LEADER | |
|---|---|
| fixed length control field | 00414nam a2200121Ia 4500 |
| 008 - FIXED-LENGTH DATA ELEMENTS--GENERAL INFORMATION | |
| fixed length control field | 160216s9999 xx 000 0 und d |
| 100 ## - MAIN ENTRY--PERSONAL NAME | |
| Personal name | Gardner, K., et al. |
| 245 ## - TITLE STATEMENT | |
| Title | Cognitive patterns: problem-solving frameworks for object technology / |
| 245 ## - TITLE STATEMENT | |
| Statement of responsibility, etc | K. Gardner. |
| 260 ## - PUBLICATION, DISTRIBUTION, ETC. (IMPRINT) | |
| Date of publication, distribution, etc | 2011 |
| 650 ## - SUBJECT ADDED ENTRY--TOPICAL TERM | |
| General subdivision | Problem solving - technology. |
| 856 ## - ELECTRONIC LOCATION AND ACCESS | |
| Uniform Resource Identifier | <a href="https://dl.dropboxusercontent.com/u/31779972/Cognitive%20Patterns.pdf">https://dl.dropboxusercontent.com/u/31779972/Cognitive%20Patterns.pdf</a> |
| Withdrawn status | Lost status | Damaged status | Home library | Current library | Date acquired | Total Checkouts | Date last seen | Price effective from | Koha item type |
|---|---|---|---|---|---|---|---|---|---|
| College Library | College Library | 02/16/2016 | 02/16/2016 | 02/16/2016 | Curriculum - Based eBooks |